000 00640nam a2200193Ia 4500
003 LDD
008 190117s9999 xx 000 0 und d
020 _a9788188178675
_c₹150
040 _cLDD
041 _ahi
082 _a8H1.71 म7663द
100 _aमहर्षि, नवेन्दु
245 0 _aदलित पताका
_cनवेन्दु महर्षि
260 _aदिल्ली
_bप्रखर प्रकाशन दिल्ली
_c2013
300 _a95
901 _aKG
904 _aReqst by : Vimal Thorat
942 _2ddc
_cH
999 _c165942
_d165942